000 00576nam a22002057a 4500
003 UA-OsUOA
001 45089
007 ta
008 20110926b un ||||| |||| 00| 0 ukr d
090 _a94(477).09
942 _cBR
040 _aUA-OsUOA
_bukr
_cUA-OsUOA
_dUA-OsUOA
245 _aУПА 1942-2007. Ювілейне видання пропам'ятної книги 65-ліття УПА.
955 _a4
041 _aukr
080 _a94(477).09
260 _aПарма
_c2007
650 7 _a9 Географія. Біографії. Історія
_2UDC
999 _c425202
_d425202